[Event "Norwegian Team Championship 2019"]
[Site "Drammen"]
[Date "2019.06.02"]
[Round "5.8"]
[White "Storme, Isak"]
[Black "Svensen, Tarjei Joten"]
[Result "1-0"]
[WhiteElo "2309"]
[BlackElo "2056"]
[Annotator "ChessBase"]
[PlyCount "89"]
[EventDate "2019.05.30"]
[EventType "swiss"]
[EventCountry "NOR"]
[SourceTitle "playchess.com"]
[Source "ChessBase"]
[SourceQuality "1"]
[TimeControl "40/5400:1800"]

1. e4 {[%emt 0:00:03]} e6 {[%emt 0:00:04]} 2. d4 {[%emt 0:00:28]} d5 {[%emt 0:00:05]} 3. Nd2 {[%emt 0:00:08]} Nf6 {[%emt 0:00:08]} 4. e5 {[%emt 0:00:14]} Nfd7 {[%emt 0:00:04]} 5. Bd3 {[%emt 0:00:07]} c5 {[%emt 0:00:05]} 6. c3 {[%emt 0:00:05]} Nc6 {[%emt 0:00:08]} 7. Ne2 {[%emt 0:00:06]} cxd4 {[%emt 0:00:17]} 8. cxd4 {[%emt 0:00:06]} f6 {[%emt 0:00:07]} 9. exf6 {[%emt 0:00:07]} Nxf6 {[%emt 0:00:51]} 10. O-O {[%emt 0:00:14]} Bd6 {[%emt 0:00:12]} 11. Nf3 {[%emt 0:00:08]} O-O {[%emt 0:00:52]} 12. Bf4 {[%emt 0:00:08]} Nh5 {[%emt 0:04:40]} 13. Bxd6 {[%emt 0:01:15]} Qxd6 {[%emt 0:00:44]} 14. Qd2 {[%emt 0:13:26]} Nf4 {[%emt 0:27:01]} 15. Nxf4 {[%emt 0:00:32]} Qxf4 {[%emt 0:00:29]} 16. Qxf4 {[%emt 0:00:39]} Rxf4 {[%emt 0:00:02]} 17. Rfd1 {[%emt 0:02:50]} Bd7 {[%emt 0:00:38]} 18. Bb5 {[%emt 0:07:00]} Raf8 {[%emt 0:03:15]} 19. Bxc6 {[%emt 0:00:56]} Bxc6 {[%emt 0:00:31]} 20. Re1 {[%emt 0:04:51]} R8f6 {[%emt 0:02:43]} 21. Rac1 {[%emt 0:03:30]} h6 {[%emt 0:03:10]} 22. Re2 {[%emt 0:01:11]} Rg4 {[%emt 0:14:10]} 23. Rc3 {[%emt 0:01:18]} Bb5 {[%emt 0:09:03]} 24. Rd2 {[%emt 0:00:24]} Re4 {[%emt 0:01:13]} 25. h3 {[%emt 0:02:50]} Re2 {[%emt 0:04:30]} 26. Rxe2 {[%emt 0:01:11]} Bxe2 {[%emt 0:00:02]} 27. Ne5 {[%emt 0:00:09]} Rf4 {[%emt 0:00:59]} 28. Rc8+ {[%emt 0:00:17]} Rf8 {[%emt 0:02:49]} 29. Rc7 {[%emt 0:02:15]} b5 {[%emt 0:03:03]} 30. g3 {[%emt 0:00:39]} a5 {[%emt 0:01:04]} 31. Kg2 {[%emt 0:04:01]} a4 {[%emt 0:00:00]} 32. a3 {[%emt 0:05:21]} Rb8 {[%emt 0:01:20]} 33. Nd7 {[%emt 0:00:36]} Rd8 {[%emt 0:00:32]} 34. g4 {[%emt 0:01:23]} Re8 {[%emt 0:02:29]} 35. Kg3 {[%emt 0:00:37]} Bd3 {[%emt 0:00:45]} 36. Kf4 {[%emt 0:00:59]} Bf1 {[%emt 0:00:56]} 37. h4 {[%emt 0:00:18]} Be2 {[%emt 0:00:11]} 38. g5 {[%emt 0:11:41]} hxg5+ {[%emt 0:00:18]} 39. hxg5 {[%emt 0:00:07]} Bd3 {[%emt 0:00:10]} 40. Ke5 {[%emt 0:01:37]} Bf5 {[%emt 0:00:14]} 41. f4 {[%emt 0:33:25]} Rd8 {[%emt 0:01:42]} 42. Rb7 {[%emt 0:00:00]} Bd3 {[%emt 0:06:04]} 43. Nc5 {[%emt 0:00:00]} Bf5 {[%emt 0:00:52]} 44. Nxe6 {[%emt 0:00:00]} Bxe6 {[%emt 0:00:26]} 45. Kxe6 {[%emt 0:00:00]} 1-0

[Event "Norwegian Team Championship 2019"]
[Site "Drammen"]
[Date "2019.06.02"]
[Round "5.9"]
[White "Kaasen, Tor Fredrik"]
[Black "Elsness, Frode"]
[Result "1-0"]
[WhiteElo "2398"]
[BlackElo "2440"]
[Annotator "ChessBase"]
[PlyCount "81"]
[EventDate "2019.05.30"]
[EventType "swiss"]
[EventCountry "NOR"]
[SourceTitle "playchess.com"]
[Source "ChessBase"]
[SourceQuality "1"]
[TimeControl "40/5400:1800"]

1. d4 {[%emt 0:00:31]} d5 {[%emt 0:03:58]} 2. c4 {[%emt 0:00:46]} e6 {[%emt 0:00:03]} 3. Nf3 {[%emt 0:00:18]} c5 {[%emt 0:00:54]} 4. cxd5 {[%emt 0:01:00]} exd5 {[%emt 0:00:01]} 5. Nc3 {[%emt 0:00:36]} Nc6 {[%emt 0:00:04]} 6. g3 {[%emt 0:01:18]} Nf6 {[%emt 0:00:06]} 7. Bg2 {[%emt 0:00:11]} Be7 {[%emt 0:00:05]} 8. O-O {[%emt 0:00:19]} O-O {[%emt 0:00:04]} 9. dxc5 {[%emt 0:00:37]} Bxc5 {[%emt 0:00:26]} 10. Na4 {[%emt 0:01:10]} Be7 {[%emt 0:00:19]} 11. b3 {[%emt 0:00:50]} Bg4 {[%emt 0:09:51]} 12. Bb2 {[%emt 0:02:13]} Qd7 {[%emt 0:02:30]} 13. Rc1 {[%emt 0:01:24]} Rad8 {[%emt 0:04:25]} 14. Nc5 {[%emt 0:04:25]} Bxc5 {[%emt 0:00:24]} 15. Rxc5 {[%emt 0:00:05]} Ne4 {[%emt 0:03:18]} 16. Rxc6 {[%emt 0:06:42]} Qxc6 {[%emt 0:05:39]} 17. Ne5 {[%emt 0:00:27]} Qc8 {[%emt 0:01:20]} 18. Nxg4 {[%emt 0:01:14]} Qxg4 {[%emt 0:00:05]} 19. f3 {[%emt 0:00:05]} Qg5 {[%emt 0:00:35]} 20. Bc1 {[%emt 0:06:17]} Qe7 {[%emt 0:00:19]} 21. fxe4 {[%emt 0:00:07]} Qc5+ {[%emt 0:00:39]} 22. e3 {[%emt 0:00:27]} dxe4 {[%emt 0:00:09]} 23. Qe2 {[%emt 0:00:40]} f5 {[%emt 0:02:32]} 24. Bb2 {[%emt 0:02:18]} Rd3 {[%emt 0:22:03]} 25. Bd4 {[%emt 0:01:15]} Qb4 {[%emt 0:06:00]} 26. Qc2 {[%emt 0:03:31]} Rd2 {[%emt 0:02:58]} 27. Qc1 {[%emt 0:06:39]} Rxd4 {[%emt 0:04:25]} 28. exd4 {[%emt 0:00:06]} Qxd4+ {[%emt 0:00:02]} 29. Kh1 {[%emt 0:00:11]} h5 {[%emt 0:03:03]} 30. Qg5 {[%emt 0:02:05]} e3 {[%emt 0:01:52]} 31. Re1 {[%emt 0:01:22]} Re8 {[%emt 0:01:09]} 32. Qxf5 {[%emt 0:00:36]} Re5 {[%emt 0:00:31]} 33. Qc8+ {[%emt 0:00:32]} Kh7 {[%emt 0:00:09]} 34. Qc2+ {[%emt 0:00:08]} g6 {[%emt 0:01:00]} 35. Qe2 {[%emt 0:00:51]} b6 {[%emt 0:01:04]} 36. Bf3 {[%emt 0:00:10]} Kh6 {[%emt 0:01:07]} 37. Qc4 {[%emt 0:02:29]} Qd6 {[%emt 0:01:22]} 38. Qf4+ {[%emt 0:03:06]} g5 {[%emt 0:00:16]} 39. Qf7 {[%emt 0:00:32]} g4 {[%emt 0:00:24]} 40. Qf4+ {[%emt 0:00:11]} Kg7 {[%emt 0:00:09]} 41. Rxe3 {[%emt 0:32:30]} 1-0

[Event "Norwegian Team Championship 2019"]
[Site "Drammen"]
[Date "2019.06.02"]
[Round "5.10"]
[White "Mihajlov, Sebastian"]
[Black "Fossum, Oystein Boyum"]
[Result "1-0"]
[WhiteElo "2371"]
[BlackElo "2258"]
[Annotator "ChessBase"]
[PlyCount "73"]
[EventDate "2019.05.30"]
[EventType "swiss"]
[EventCountry "NOR"]
[SourceTitle "playchess.com"]
[Source "ChessBase"]
[SourceQuality "1"]
[TimeControl "40/5400:1800"]

1. e4 {[%emt 0:03:32]} c5 {[%emt 0:00:57]} 2. Nf3 {[%emt 0:00:03]} g6 {[%emt 0:00:18]} 3. d4 {[%emt 0:00:04]} cxd4 {[%emt 0:00:07]} 4. Nxd4 {[%emt 0:00:03]} Bg7 {[%emt 0:00:10]} 5. c4 {[%emt 0:00:03]} Nc6 {[%emt 0:00:51]} 6. Be3 {[%emt 0:00:07]} Nf6 {[%emt 0:00:08]} 7. Nc3 {[%emt 0:00:04]} O-O {[%emt 0:00:15]} 8. Be2 {[%emt 0:00:08]} d6 {[%emt 0:00:39]} 9. f3 {[%emt 0:00:04]} Nxd4 {[%emt 0:07:58]} 10. Bxd4 {[%emt 0:00:06]} Be6 {[%emt 0:06:46]} 11. O-O {[%emt 0:00:06]} Qa5 {[%emt 0:02:04]} 12. Kh1 {[%emt 0:02:05]} Rfc8 {[%emt 0:01:58]} 13. b3 {[%emt 0:00:09]} a6 {[%emt 0:04:40]} 14. f4 {[%emt 0:09:17]} b5 {[%emt 0:10:33]} 15. f5 {[%emt 0:00:50]} Bd7 {[%emt 0:04:49]} 16. Bxf6 {[%emt 0:00:04]} Bxf6 {[%emt 0:04:15]} 17. Nd5 {[%emt 0:00:04]} Qd8 {[%emt 0:11:52]} 18. Nxf6+ {[%emt 0:00:18]} exf6 {[%emt 0:00:06]} 19. fxg6 {[%emt 0:03:41]} hxg6 {[%emt 0:00:22]} 20. Qxd6 {[%emt 0:00:00]} Rc6 {[%emt 0:04:34]} 21. Qf4 {[%emt 0:00:05]} Qb8 {[%emt 0:02:25]} 22. e5 {[%emt 0:02:15]} Re6 {[%emt 0:06:02]} 23. Bg4 {[%emt 0:01:35]} f5 {[%emt 0:01:48]} 24. Bf3 {[%emt 0:00:04]} Bc6 {[%emt 0:00:35]} 25. Bxc6 {[%emt 0:00:53]} Rxc6 {[%emt 0:00:03]} 26. Rac1 {[%emt 0:00:54]} Re6 {[%emt 0:01:35]} 27. Rfe1 {[%emt 0:01:00]} bxc4 {[%emt 0:00:54]} 28. Rxc4 {[%emt 0:00:20]} Qb5 {[%emt 0:00:43]} 29. Rc3 {[%emt 0:05:26]} Qa5 {[%emt 0:01:33]} 30. Rce3 {[%emt 0:00:15]} Qxa2 {[%emt 0:01:08]} 31. Rh3 {[%emt 0:01:04]} g5 {[%emt 0:02:59]} 32. Qxf5 {[%emt 0:00:17]} Qd2 {[%emt 0:00:29]} 33. Rf1 {[%emt 0:00:08]} Ra7 {[%emt 0:00:52]} 34. Qh7+ {[%emt 0:00:34]} Kf8 {[%emt 0:00:02]} 35. Qh8+ {[%emt 0:00:15]} Ke7 {[%emt 0:00:03]} 36. Rh7 {[%emt 0:00:50]} Kd7 {[%emt 0:00:22]} 37. Rhxf7+ {[%emt 0:00:05]} 1-0

[Event "Norwegian Team Championship 2019"]
[Site "Drammen"]
[Date "2019.06.02"]
[Round "5.11"]
[White "Stenersen, Gudmund"]
[Black "Mihajlov, Svetoslav"]
[Result "1/2-1/2"]
[WhiteElo "2183"]
[BlackElo "2161"]
[Annotator "ChessBase"]
[PlyCount "103"]
[EventDate "2019.05.30"]
[EventType "swiss"]
[EventCountry "NOR"]
[SourceTitle "playchess.com"]
[Source "ChessBase"]
[SourceQuality "1"]
[TimeControl "40/5400:1800"]

1. e4 {[%emt 0:00:02]} c5 {[%emt 0:00:32]} 2. Nf3 {[%emt 0:00:06]} e6 {[%emt 0:00:10]} 3. c4 {[%emt 0:00:29]} Nc6 {[%emt 0:01:54]} 4. Nc3 {[%emt 0:01:31]} a6 {[%emt 0:00:26]} 5. d4 {[%emt 0:00:40]} cxd4 {[%emt 0:00:08]} 6. Nxd4 {[%emt 0:00:06]} Qc7 {[%emt 0:00:18]} 7. Be3 {[%emt 0:00:42]} Nf6 {[%emt 0:01:27]} 8. Rc1 {[%emt 0:00:43]} Ne5 {[%emt 0:05:20]} 9. f3 {[%emt 0:05:55]} d6 {[%emt 0:05:43]} 10. Be2 {[%emt 0:01:16]} Be7 {[%emt 0:01:33]} 11. O-O {[%emt 0:02:16]} O-O {[%emt 0:05:07]} 12. Qd2 {[%emt 0:02:16]} b6 {[%emt 0:02:39]} 13. Rfd1 {[%emt 0:04:46]} Re8 {[%emt 0:01:21]} 14. Bf1 {[%emt 0:02:15]} Rb8 {[%emt 0:00:10]} 15. b3 {[%emt 0:00:40]} Bf8 {[%emt 0:00:22]} 16. Qf2 {[%emt 0:02:20]} Ned7 {[%emt 0:03:51]} 17. Kh1 {[%emt 0:03:19]} Bb7 {[%emt 0:00:07]} 18. Qh4 {[%emt 0:02:01]} Rbc8 {[%emt 0:01:06]} 19. g4 {[%emt 0:02:20]} h6 {[%emt 0:08:10]} 20. g5 {[%emt 0:03:05]} hxg5 {[%emt 0:00:06]} 21. Bxg5 {[%emt 0:00:09]} Nh7 {[%emt 0:00:11]} 22. Be3 {[%emt 0:01:35]} Qb8 {[%emt 0:12:53]} 23. Bh3 {[%emt 0:05:29]} Be7 {[%emt 0:20:37]} 24. Qg3 {[%emt 0:02:15]} Ndf8 {[%emt 0:01:40]} 25. Rg1 {[%emt 0:01:26]} Bf6 {[%emt 0:00:22]} 26. Nde2 {[%emt 0:05:24]} d5 {[%emt 0:04:25]} 27. exd5 {[%emt 0:03:02]} Qxg3 {[%emt 0:00:06]} 28. Rxg3 {[%emt 0:09:44]} b5 {[%emt 0:01:34]} 29. dxe6 {[%emt 0:04:02]} Nxe6 {[%emt 0:01:06]} 30. Ne4 {[%emt 0:01:23]} Be5 {[%emt 0:00:17]} 31. Rgg1 {[%emt 0:00:42]} Rcd8 {[%emt 0:01:08]} 32. Rgd1 {[%emt 0:02:56]} Bc6 {[%emt 0:00:50]} 33. Kg2 {[%emt 0:02:19]} Nhf8 {[%emt 0:00:30]} 34. Bb6 {[%emt 0:02:16]} Rb8 {[%emt 0:00:03]} 35. Ba7 {[%emt 0:00:35]} Ra8 {[%emt 0:00:12]} 36. Bf2 {[%emt 0:00:25]} g6 {[%emt 0:00:06]} 37. Bg3 {[%emt 0:00:21]} Bb2 {[%emt 0:00:10]} 38. Rc2 {[%emt 0:00:23]} Bg7 {[%emt 0:00:01]} 39. cxb5 {[%emt 0:02:07]} Bxb5 {[%emt 0:00:05]} 40. N2c3 {[%emt 0:00:53]} Nd4 {[%emt 0:01:03]} 41. Rcd2 {[%emt 0:30:59]} Nfe6 {[%emt 0:30:19]} 42. Nd5 {[%emt 0:04:30]} Red8 {[%emt 0:00:00]} 43. Ndf6+ {[%emt 0:00:00]} Kh8 {[%emt 0:00:00]} 44. Kf2 {[%emt 0:00:00]} Bh6 {[%emt 0:00:00]} 45. Be5 {[%emt 0:00:00]} Bxd2 {[%emt 0:00:00]} 46. Ng4+ {[%emt 0:00:00]} Kg8 {[%emt 0:00:00]} 47. Nef6+ {[%emt 0:00:00]} Kf8 {[%emt 0:00:00]} 48. Rxd2 {[%emt 0:00:00]} Nf5 {[%emt 0:00:00]} 49. Nh7+ {[%emt 0:00:00]} Ke8 {[%emt 0:00:00]} 50. Nhf6+ {[%emt 0:00:00]} Kf8 {[%emt 0:00:00]} 51. Nh7+ {[%emt 0:00:00]} Ke8 {[%emt 0:00:00]} 52. Nhf6+ {[%emt 0:00:00]} 1/2-1/2

[Event "Norwegian Team Championship 2019"]
[Site "Drammen"]
[Date "2019.06.02"]
[Round "5.12"]
[White "Dale, Gunnar Brandshaug"]
[Black "Abrahamsson, Roaul"]
[Result "1-0"]
[WhiteElo "2003"]
[BlackElo "1980"]
[Annotator "NA"]
[PlyCount "87"]
[EventDate "2019.05.30"]
[EventType "swiss"]
[EventCountry "NOR"]
[SourceTitle "playchess.com"]
[Source "ChessBase"]
[SourceQuality "1"]
[TimeControl "40/5400:1800"]

{[%evp 8,83,55,43,19,11,65,24,33,43,90,114,32767,32767,41,-21,16,32767,32767,32767,44,32767,32767,32767,48,46,44,32767,45,20,31,37,32767,185,32767,32767,293,327,806,285,291,136,404,32767,32767,1470,1427,32767,32767,32767,29990,32767,289,379,32767,32767,32767,32767,32767,339,32767,32767,32767,699,495,32767,32767,32767,32767,844,786,1170,1131,32767,1081,32767,32767,1660]} 1. e4 {[%emt 0:00:11]} d5 {[%emt 0:00:50]} 2. exd5 {[%emt 0:00:23]} Qxd5 {[%emt 0:00:06]} 3. Nc3 {[%emt 0:00:27]} Qa5 {[%emt 0:00:10]} 4. Bc4 {[%emt 0:00:06]} Nf6 {[%emt 0:00:29]} 5. d3 {[%emt 0:00:07]} c6 {[%emt 0:01:29]} 6. Bd2 {[%emt 0:00:10]} Bf5 {[%emt 0:00:32] B01: Scandinavian Defence} (6... Qc7 7. Qe2 Bf5 8. h3 h5 9. Nf3 Nbd7 10. O-O Nb6 11. Bb3 Nbd5 12. Nxd5 Nxd5 13. Nd4 Bd7 14. Bxd5 cxd5 15. c4 dxc4 16. dxc4 {½-½ (48) Efimenko,Z (2651)-Kryvoruchko,Y (2659) Kiev 2013}) 7. Qe2 {[%emt 0:00:41]} (7. Nd5 $5 Qd8 8. Nxf6+ gxf6 9. Qe2 $14) 7... e6 {[%emt 0:00:36]} 8. h3 {[%emt 0:00:56]} Be7 {[%emt 0:05:30]} ({Black should play} 8... Bb4 $14) 9. g4 {[%emt 0:01:04]} Bg6 {[%emt 0:00:08]} 10. O-O-O {[%emt 0:02:10]} Qc7 {[%emt 0:01:12]} 11. f4 {[%emt 0:01:07]} (11. h4 $14 h5 12. g5) 11... b5 {[%emt 0:03:25]} 12. Bb3 {[%emt 0:00:46]} a5 {[%emt 0:00:13]} 13. a4 {[%emt 0:02:39]} b4 {[%emt 0:07:07]} (13... Nbd7 $11) 14. Ne4 {[%emt 0:00:50]} Bxe4 $146 {[%emt 0:01:41]} ({Predecessor:} 14... Nbd7 15. Nxf6+ Nxf6 {0-1 (56) Hoolt,S (2318)-Batsiashvili,N (2435) Tromsoe 2014}) 15. dxe4 {[%emt 0:00:21]} Na6 {[%emt 0:01:58]} 16. g5 {[%emt 0:06:16]} Nd7 {[%emt 0:00:19]} 17. Nf3 {[%emt 0:07:14]} Nac5 {[%emt 0:00:54]} 18. f5 {[%emt 0:01:25]} Nxb3+ {[%emt 0:02:23]} 19. cxb3 {[%emt 0:00:15]} e5 {[%emt 0:04:25]} 20. Kb1 {[%emt 0:01:49]} Nc5 {[%emt 0:04:27]} 21. Qc4 {[%emt 0:00:58]} Nd7 {[%emt 0:03:44]} 22. Be3 {[%emt 0:01:26]} c5 $2 {[%emt 0:07:55] [#]} (22... f6 23. gxf6 gxf6) 23. Rh2 $2 {[%emt 0:01:52]} (23. Rxd7 $1 {[%mdl 512]} Kxd7 (23... Qxd7 24. Nxe5) 24. Qd5+ {[%mdl 64] Double Attack} Kc8 25. Qxa8+ Qb8 26. Qxa5) 23... O-O {[%emt 0:00:43] [#]} 24. g6 $2 {[%emt 0:05:28]} (24. f6 $1 $18 {[%mdl 512]} gxf6 25. gxf6 Bxf6 26. Bh6) 24... Bf6 $2 {[%emt 0:15:21]} (24... hxg6 $16 {was called for.} 25. fxg6 Nb6 26. gxf7+ Rxf7) 25. Rhd2 {[%emt 0:02:02]} Rad8 {[%emt 0:07:09]} 26. gxf7+ {[%emt 0:00:51]} Kh8 {[%emt 0:02:03]} 27. Ng5 {[%emt 0:04:06]} Bxg5 {[%emt 0:02:48]} 28. Bxg5 {[%emt 0:00:06]} Nf6 {[%emt 0:00:14]} 29. Qe6 {[%emt 0:00:19]} Rxd2 {[%emt 0:01:28]} 30. Rxd2 {[%emt 0:00:16]} Qxf7 {[%emt 0:05:15]} 31. Qxf7 {[%emt 0:02:26]} Rxf7 {[%emt 0:00:02]} 32. Rd8+ {[%emt 0:00:01]} Ng8 {[%emt 0:00:03]} 33. Re8 {[%emt 0:02:34]} h6 {[%emt 0:00:21]} 34. Be3 {[%emt 0:00:44]} Re7 {[%emt 0:02:55]} 35. Rxe7 {[%emt 0:00:30]} Nxe7 {[%emt 0:00:01]} 36. Bxc5 {[%emt 0:00:01]} Nc6 {[%emt 0:00:52]} 37. Kc2 {[%emt 0:00:25]} g6 {[%emt 0:00:41]} 38. Kd3 {[%emt 0:01:24]} Kg7 {[%emt 0:00:10]} 39. fxg6 {[%emt 0:00:41]} Kxg6 {[%emt 0:00:02]} 40. Kc4 {[%emt 0:00:20]} Kg5 {[%emt 0:00:05]} 41. Kd5 {[%emt 0:30:25]} Nb8 {[%emt 0:01:50]} 42. Kd6 $18 {[%emt 0:00:00]} Kf4 {[%emt 0:00:32]} 43. Ba7 {[%emt 0:00:00]} Kxe4 {[%emt 0:00:25]} 44. Bxb8 {[%emt 0:00:00]} 1-0

[Event "Norwegian Team Championship 2019"]
[Site "Drammen"]
[Date "2019.06.02"]
[Round "5.13"]
[White "Gamback, Bjorn"]
[Black "Hansen, Pal Andreas"]
[Result "1/2-1/2"]
[WhiteElo "2157"]
[BlackElo "2118"]
[Annotator "ChessBase"]
[PlyCount "41"]
[EventDate "2019.05.30"]
[EventType "swiss"]
[EventCountry "NOR"]
[SourceTitle "playchess.com"]
[Source "ChessBase"]
[SourceQuality "1"]
[TimeControl "40/5400:1800"]

1. Nf3 {[%emt 0:00:03]} Nf6 {[%emt 0:00:47]} 2. c4 {[%emt 0:00:07]} g6 {[%emt 0:00:07]} 3. b4 {[%emt 0:00:10]} Bg7 {[%emt 0:01:02]} 4. Bb2 {[%emt 0:00:05]} O-O {[%emt 0:01:13]} 5. e3 {[%emt 0:00:09]} d6 {[%emt 0:00:27]} 6. Be2 {[%emt 0:00:20]} e5 {[%emt 0:03:39]} 7. d3 {[%emt 0:00:48]} Re8 {[%emt 0:05:16]} 8. Nbd2 {[%emt 0:00:34]} h6 {[%emt 0:15:29]} 9. Qc2 {[%emt 0:01:37]} a5 {[%emt 0:05:13]} 10. a3 {[%emt 0:01:19]} Bf5 {[%emt 0:02:00]} 11. O-O {[%emt 0:05:48]} e4 {[%emt 0:12:45]} 12. dxe4 {[%emt 0:02:31]} Nxe4 {[%emt 0:00:53]} 13. Nxe4 {[%emt 0:00:41]} Bxe4 {[%emt 0:00:56]} 14. Qd2 {[%emt 0:00:25]} Bxb2 {[%emt 0:02:11]} 15. Qxb2 {[%emt 0:00:09]} Nc6 {[%emt 0:02:22]} 16. Rfd1 {[%emt 0:05:16]} Ne5 {[%emt 0:04:52]} 17. Nxe5 {[%emt 0:18:21]} Rxe5 {[%emt 0:00:06]} 18. f3 {[%emt 0:01:14]} Bc6 {[%emt 0:01:33]} 19. Qxe5 {[%emt 0:01:28]} dxe5 {[%emt 0:00:07]} 20. Rxd8+ {[%emt 0:00:03]} Rxd8 {[%emt 0:00:07]} 21. Rd1 {[%emt 0:00:15]} 1/2-1/2

[Event "Norwegian Team Championship 2019"]
[Site "Drammen"]
[Date "2019.06.02"]
[Round "5.14"]
[White "Hagen, Brede Andre Larsen"]
[Black "Laverton, Christian"]
[Result "1/2-1/2"]
[WhiteElo "2041"]
[BlackElo "2115"]
[Annotator "ChessBase"]
[PlyCount "80"]
[EventDate "2019.05.30"]
[EventType "swiss"]
[EventCountry "NOR"]
[SourceTitle "playchess.com"]
[Source "ChessBase"]
[SourceQuality "1"]
[TimeControl "40/5400:1800"]

1. e4 {[%emt 0:02:43]} c5 {[%emt 0:00:23]} 2. Nf3 {[%emt 0:00:12]} e6 {[%emt 0:00:14]} 3. d4 {[%emt 0:00:14]} cxd4 {[%emt 0:00:08]} 4. Nxd4 {[%emt 0:00:08]} Nc6 {[%emt 0:00:29]} 5. Nc3 {[%emt 0:01:01]} Qc7 {[%emt 0:00:33]} 6. Be3 {[%emt 0:02:32]} a6 {[%emt 0:00:38]} 7. Be2 {[%emt 0:01:12]} Nf6 {[%emt 0:00:55]} 8. O-O {[%emt 0:01:28]} Bb4 {[%emt 0:00:45]} 9. Na4 {[%emt 0:00:59]} Be7 {[%emt 0:00:20]} 10. Nxc6 {[%emt 0:02:05]} bxc6 {[%emt 0:00:15]} 11. Nb6 {[%emt 0:00:12]} Rb8 {[%emt 0:00:21]} 12. Nxc8 {[%emt 0:00:10]} Qxc8 {[%emt 0:00:29]} 13. Bd4 {[%emt 0:02:28]} c5 {[%emt 0:04:37]} 14. Be5 {[%emt 0:01:40]} Rb6 {[%emt 0:00:34]} 15. b3 {[%emt 0:06:43]} d6 {[%emt 0:07:05]} 16. Bb2 {[%emt 0:04:11]} O-O {[%emt 0:03:32]} 17. Qd3 {[%emt 0:06:40]} Rd8 {[%emt 0:09:31]} 18. Qe3 {[%emt 0:22:29]} d5 {[%emt 0:29:26]} 19. e5 {[%emt 0:07:56]} d4 {[%emt 0:05:11]} 20. Qg3 {[%emt 0:06:52]} Nd5 {[%emt 0:02:59]} 21. Bc4 {[%emt 0:01:56]} Nb4 {[%emt 0:07:23]} 22. c3 {[%emt 0:02:35]} dxc3 {[%emt 0:00:59]} 23. Bxc3 {[%emt 0:00:50]} Rb8 {[%emt 0:03:21]} 24. f4 {[%emt 0:01:14]} Nd5 {[%emt 0:02:14]} 25. Ba5 {[%emt 0:00:20]} Rd7 {[%emt 0:00:44]} 26. Rad1 {[%emt 0:01:24]} Qc6 {[%emt 0:00:47]} 27. Qf3 {[%emt 0:00:58]} Bd8 {[%emt 0:01:25]} 28. Bc3 {[%emt 0:00:08]} Bc7 {[%emt 0:00:50]} 29. f5 {[%emt 0:00:27]} Rbd8 {[%emt 0:00:51]} 30. f6 {[%emt 0:01:29]} g6 {[%emt 0:01:06]} 31. Bxd5 {[%emt 0:05:05]} Rxd5 {[%emt 0:00:03]} 32. Rxd5 {[%emt 0:00:03]} Rxd5 {[%emt 0:00:19]} 33. Qf4 {[%emt 0:00:05]} Qe8 {[%emt 0:00:14]} 34. Qc4 {[%emt 0:00:02]} Bxe5 {[%emt 0:00:08]} 35. Bxe5 {[%emt 0:00:07]} Rxe5 {[%emt 0:00:02]} 36. Qxa6 {[%emt 0:00:01]} Rd5 {[%emt 0:00:11]} 37. a4 {[%emt 0:00:15]} Qd8 {[%emt 0:00:05]} 38. h3 {[%emt 0:00:25]} e5 {[%emt 0:00:04]} 39. a5 {[%emt 0:00:20]} Rd6 {[%emt 0:00:05]} 40. Qb5 {[%emt 0:00:15]} Rxf6 {[%emt 0:00:13]} 1/2-1/2